Geographical Information System and its application to local authority : a pilot study of Majlis Daerah Kulai

Bibliographic Details
Main Authors: Azahari Hussain (Author), Mohamad Nor Said (Author)
Format: Book
Language:Malay
Subjects:

MARC

LEADER 00000cam a2200000 7i4500
001 0000006262
005 20241001.0
008 000203 my may
040 |a INS   |b eng   |e rda 
090 0 0 |a G70.2   |b .A93 2000 
100 0 |a Azahari Hussain ,   |e author 
245 1 0 |a Geographical Information System and its application to local authority :   |b a pilot study of Majlis Daerah Kulai   |c Dr. Azahari Hussain and Mohamad Nor Said 
300 |a 19 pages ;   |c 29 cm. 
336 |a text  |2 rdacontent 
337 |a unmediated  |2 rdamedia 
338 |a volume  |2 rdacarrier 
650 0 |a Geographic information systems 
700 0 |a Mohamad Nor Said ,   |e author 
999 |a 0000005297   |b BOOK   |c Open Shelf   |e Default branch